[Event "Reykjavik op"]
[Site "Reykjavik"]
[Date "2024.03.19"]
[Round "7"]
[White "Bisby, Daniel L"]
[Black "Schmidt, Florian Pascal"]
[Result "1-0"]
[WhiteElo "2273"]
[BlackElo "1947"]
[PlyCount "99"]
[EventDate "2024.03.15"]
[EventType "swiss"]
[EventRounds "9"]
[EventCountry "ISL"]
[SourceTitle "CBM 219 Extra"]
[Source "ChessBase"]
[SourceDate "2024.05.31"]
[SourceVersion "1"]
[SourceVersionDate "2024.05.31"]
[SourceQuality "1"]

1. e4 c6 2. d4 d5 3. e5 Bf5 4. h4 h5 5. Bd3 Bxd3 6. Qxd3 e6 7. Bg5 Ne7 8. Nf3 Nd7 9. Nbd2 f6 10. Bf4 Nf5 11. exf6 gxf6 12. 0-0 Kf7 13. Rfe1 Qe7 14. Re2 Bh6 15. Rae1 Ng7 16. Bh2 Nf8 17. c4 Ng6 18. cxd5 cxd5 19. Nb3 b6 20. Rc2 Rac8 21. Nbd2 Bf4 22. Rec1 Bxh2+ 23. Kxh2 Qb7 24. g3 Ne7 25. Nb1 Rxc2 26. Rxc2 Rc8 27. Nc3 Ngf5 28. Re2 Rc4 29. Nd1 Qc8 30. Ne3 Rc7 31. Ng2 Ng6 32. Qd2 Rc1 33. Ne3 Nxe3 34. Qxe3 Rc2 35. Rxc2 Qxc2 36. Kg2 Qc8 37. Qh6 Qh8 38. Qc1 Qd8 39. b4 Kg7 40. Qc6 Qe7 41. a3 Nh8 42. Ne1 Nf7 43. Nd3 Nd8 44. Qc8 e5 45. dxe5 fxe5 46. Qf5 e4 47. Nf4 d4 48. Nxh5+ Kh8 49. Nf4 Kg7 50. Nd5 1-0

[Event "Reykjavik op"]
[Site "Reykjavik"]
[Date "2024.03.17"]
[Round "4"]
[White "Schmidt, Florian Pascal"]
[Black "Jonsson, Jon Oddur"]
[Result "1-0"]
[WhiteElo "1947"]
[BlackElo "1668"]
[PlyCount "59"]
[EventDate "2024.03.15"]
[EventType "swiss"]
[EventRounds "9"]
[EventCountry "ISL"]
[SourceTitle "CBM 219 Extra"]
[Source "ChessBase"]
[SourceDate "2024.05.31"]
[SourceVersion "1"]
[SourceVersionDate "2024.05.31"]
[SourceQuality "1"]

1. Nf3 d5 2. e3 Nc6 3. c4 d4 4. d3 e5 5. Be2 Nf6 6. 0-0 Be7 7. e4 0-0 8. Ne1 Ne8 9. f4 exf4 10. Bxf4 Bd6 11. Qc1 f5 12. Bg5 Be7 13. Bxe7 Qxe7 14. Nd2 Ne5 15. Nef3 fxe4 16. Nxe4 c5 17. Nxe5 Qxe5 18. Rxf8+ Kxf8 19. Qd2 b6 20. Ng5 h6 21. Rf1+ Nf6 22. Nh7+ Kg8 23. Nxf6+ gxf6 24. Qxh6 f5 25. Bf3 Qe3+ 26. Qxe3 dxe3 27. Bxa8 Kg7 28. Re1 f4 29. g3 fxg3 30. hxg3 1-0